00834nam a2200169Ia 4500008004100000020001500041050001500056100003200071245008600103260002900189300003600218500007100254504002800325505020600353650007300559650003200632120626s2005 mx a 000 0 spa d a9709807072 aH62 bO754 aOrtega Reyes, Rafaeleautor aIntroducción a las ciencias sociales b : bachillerato c / Rafael Ortega Reyes aMéxico b : STc, 2005 a185 páginasb : ilustraciones aIncluye: apéndice (pp. 170-173) Incluye: glosario (pp. 176-177)  aBibliografía (p. 185) aLa construcción del conocimiento en las Ciencias Sociales Interpretaciones científicas de la realidad social El enfoque interdisciplinario para el análisis de la realidad social contemporánea  0aCIENCIAS SOCIALESxESTUDIO Y ENSEÑANZA (EDUACION MEDIA SUPERIOR)  0aCIENCIAS SOCIALESxHISTORIA